LEADER 01610nam2-2200505---450- 001 990000770420203316 005 20160229100850.0 010 $a88-211-8616-4 035 $a0077042 035 $aUSA010077042 035 $a(ALEPH)000077042USA01 035 $a0077042 100 $a20011126d1986----km-y0itay50------ba 101 1 $aita$cger 102 $aIT 105 $ay|||||||001yy 200 1 $aFuturo passato$eper una semantica dei tempi storici$fReinhart Koselleck 210 $aGenova$cMarietti$d1986 215 $a331 p.$d22 cm 225 2 $aCollana di filosofia$v20 300 $aTrad. di Anna Marietti Solmi 410 0$1001000330771$12001$aCollana di filosofia$v, 20 454 0$12001$aVergangene Zukunft$9276264 606 0 $aStoria$xConcetto$2BNCF 676 $a901 700 1$aKOSELLECK,$bReinhart$0126804 702 1$aMARIETTI,$bAnna Maria 801 0$aIT$bsalbc$gISBD 912 $a990000770420203316 951 $aII.1 Coll. 102/ 21(IV C Coll. 392/20)$b97611 L.M.$cII.1 Coll.$d00029093 951 $aV B KOS$b1173 DBC$cV B 959 $aBK 969 $aUMA 969 $aDBC 979 $aPATTY$b90$c20011126$lUSA01$h1159 979 $c20020403$lUSA01$h1724 979 $aPATRY$b90$c20040406$lUSA01$h1653 979 $aCOPAT3$b90$c20050615$lUSA01$h1230 979 $aDBC$b90$c20080430$lUSA01$h1451 979 $aANNAMARIA$b90$c20090908$lUSA01$h1524 979 $aANNAMARIA$b90$c20090908$lUSA01$h1525 979 $aPATRY$b90$c20160229$lUSA01$h1006 979 $aPATRY$b90$c20160229$lUSA01$h1008 996 $aVergangene zukunft$9276264 997 $aUNISA LEADER 01815nam0 2200325 i 450 001 SUN0056111 005 20160223112555.21 010 $a8-3-540-00114-0$d0.00 100 $a20061116d2003 |0engc50 ba 101 $aeng 102 $aDE 105 $a|||| ||||| 200 1 $a*Variational methods for crystalline microstructure$eanalysis and computation$fGeorg Dolzmann 210 $aBerlin$cSpringer$d2003 215 $aVIII, 212 p.$cill.$d24 cm. 461 1$1001SUN0102250$12001 $a*Lecture notes in mathematics$v1803$1210 $aBerlin [etc.]$cSpringer$d1964-$1215 $aDal 2011 i volumi sono disponibili in formato elettronico. 606 $a74B20$xNonlinear elasticity [MSC 2020]$2MF$3SUNC021528 606 $a74G15$xNumerical approximation of solutions of equilibrium problems in solid mechanics [MSC 2020]$2MF$3SUNC021529 606 $a74G65$xEnergy minimization in equilibrium problems in solid mechanics [MSC 2020]$2MF$3SUNC021530 606 $a74N15$xAnalysis of microstructure in solids [MSC 2020]$2MF$3SUNC021531 606 $a65M60$xFinite element, Rayleigh-Ritz and Galerkin methods for initial value and initial-boundary value problems involving PDEs [MSC 2020]$2MF$3SUNC029157 620 $dBerlin$3SUNL000066 700 1$aDolzmann$b, Georg$3SUNV044594$067423 712 $aSpringer$3SUNV000178$4650 801 $aIT$bSOL$c20201026$gRICA 856 4 $u/sebina/repository/catalogazione/documenti/Dolzmann - Variational methods for crystalline microstructure-analysis and computation.pdf$zContents 912 $aSUN0056111 950 $aUFFICIO DI BIBLIOTECA DEL DIPARTIMENTO DI MATEMATICA E FISICA$d08PREST 74-XX 1162 $e08 6064 I 20061116 996 $aVariational methods for crystalline microstructure$9145757 997 $aUNICAMPANIA